Statistiques concernant Alphabet morse - Chiffres

Cliquez ici pour prendre le quiz!

Statistiques générales

  • Ce quiz a été pris 90 fois
  • Le résultat moyen est 10 sur 10

Statistiques - réponses

Chiffre en morseChiffre arabe% Correct
-----0
100%
.----1
98%
.....5
98%
----.9
98%
..---2
97%
...--3
97%
....-4
97%
-....6
97%
--...7
97%
---..8
97%

Distribution des résultats

Percentile par nombre de réponses

% des personnes avec chaque résultat

Votre développement - résultats

Vous n’avez pas pris ce quiz